Представление документа в формате MARC21

Поле Инд. ПП Название Значение
Тип записи a
Библиографический уровень m
001 Контрольный номер RU/LIBMSTU/312035660
005 Дата корректировки 20140506151414.3
008 Кодируемые данные 091124|||||||||ru |||||||||||000|||rus||
020 a ISBN 978-5-9268-0766-2
c Цена, тираж 250-00
040 b Код языка каталог. rus
041 a Код языка текста rus
084 a Индекс другой классификации/Индекс ББК 86.2
090 a Полочн. индекс 86
x Авторский знак З-56
100 1_ a Автор Зенько Ю. М.
245 10 a Заглавие Психология религии
250 a Основные сведения об издании [2-е изд., испр. и доп.]
260 a Место издания Санкт-Петербург
b Издательство Речь
c Дата издания 2009
300 a Объем 543, [1] с.
504 a Библиография Библиогр.: с. 449-533
650 a Основная рубрика Религиоведение-Психология религии
653 a Ключевые слова Афферентация
a Ключевые слова Психология рекламы
a Ключевые слова Психология религии
a Ключевые слова Религиоведение
a Ключевые слова Религиозная психология
a Ключевые слова Религия и психология
a Ключевые слова Синестезия
a Ключевые слова Схема тела
a Ключевые слова Эмоции
901 t Тип документа m